| 000 | 00651nam a2200217Ia 4500 | ||
|---|---|---|---|
| 003 | OSt | ||
| 005 | 20240911132818.0 | ||
| 008 | 220927b |||||||| |||| 00| 0 eng d | ||
| 020 | _a1844650170 | ||
| 040 |
_aSDCL _cSDCL _beng |
||
| 041 |
_2eng _aeng |
||
| 082 | _aRx P5.3 | ||
| 100 |
_aShand, John. Ed. _9410028 |
||
| 245 | 0 |
_aCentral works of philosophy Vol-III: _bThe Nineteenth Century/ |
|
| 260 |
_aCheshan: _bAcumen, _c2005. |
||
| 300 |
_axii,278p. _ccm. |
||
| 490 | _vVolume - III: The Nineteenth Century. | ||
| 650 |
_aPhilosophy-Works _9410029 |
||
| 942 |
_hRx, P5.3 _cTEXL _2CC |
||
| 999 |
_c725608 _d725608 |
||